000 03450cam a22012614i 4500
003 PE-LiUPU
005 20250813185645.0
008 150616s r 000 0 d
035 _a(Sirsi) a8343
040 _aPE-LiUPU
_bspa
_cPE-LiUPU
_erda
049 _aPRUA
082 0 4 _a375.32
_bB74
_221
100 1 _aBorda A., Elizabeth,
_eautor.
245 1 0 _aAyudas Educativas; Creatividad y Aprendizaje.
264 1 _aSantafé de Bogotá :
_bCooperativa Editorial Magisterio,
_c1995.
300 _a221 páginas :
_bilustraciones ;
_c24 cm.
336 _atext
_2rdacontent
337 _aunmediated
_2rdamedia
338 _avolume
_2rdacarrier
490 0 _aColección Aula Abierta
500 _aMaterial didáctico
_bVéase
_cMATERIALES DE ENSEÑANZA.
504 _aIncluye bibliografía.
505 0 _aAcción de los medios educativos en la escuela actual.- Material para estimular el desarrollo creativo-expresivo.- Medios que facilitan el desarrollo cognoscitivo.- Auxiliares para el desarrollo motor.- Idéas para el maestro.
526 _aP202
526 _aP201
526 _aP163
526 _aP162
526 _aP161
526 _aP160
526 _aP148
526 _aP147
526 _aP146
526 _aP145
526 _aP144
526 _aP143
526 _aP142
526 _aP141
526 _aP140
526 _aP139
526 _aP138
526 _aP137
526 _aP136
526 _aP135
526 _aP134
526 _aP133
526 _aP129
526 _aP128
526 _aP127
526 _aP120
526 _aP119
526 _aP118
526 _aP116
526 _aP115
526 _aP114
526 _aP110
526 _aP109
526 _aP108
526 _aP104
526 _aP103
526 _aP102
526 _aP99
526 _aP98
526 _aP97
526 _aP96
526 _aP95
526 _aP93
526 _aP90
526 _aP89
526 _aP88
526 _aP83
526 _aP82
526 _aP62
526 _aP59
526 _aP58
526 _aP57
526 _aP51
526 _aP49
526 _aP48
526 _aP47
526 _aP29
526 _aP24
526 _aP20
526 _aP19
526 _aP17
526 _aP15
526 _aP14
526 _aP12
526 _aP10
526 _aP09
526 _aP08
526 _aP07
526 _aP06
526 _aP05
526 _aP04
526 _aP01
650 0 4 _aMATERIALES DE ENSEÑANZA.
700 1 _aPáez R., Elizabeth.
910 _ajck
_bjvq
_cjck
942 _2ddc
_cBOOK
949 _a375.32 B74
_wDEWEY
_c1
_i42042
_lCCODEBUL1
_mBUL
_p00.00
_r0
_sY
_tBOOK
_u2015-04-23
_xBIBLIOTECA
_zUNKNOWN
_0COMPRA
_o.STAFF. Colección General
949 _a375.32 B74
_wDEWEY
_c2
_i42041
_lCCODEBUL1
_mBUL
_p00.00
_r0
_sY
_tBOOK
_u19961126
_xEDUCACION
_PP20
_0COMPRA
_o.STAFF. Colección General
994 _aC0
_bPEPRU
596 _a1
999 _a375.32 B74
_wDEWEY
_c59685
_i42042
_d59685
_f2021-11-8
_g5
_lCCODEBUL1
_mBUL
_q1
_r0
_sY
_tBOOK
_u2015-4-23
_xEDUCACION
_zUNKNOWN
_0COMPRA
_o.STAFF. Colección General
999 _a375.32 B74
_wDEWEY
_c2
_i42041
_d2018-8-20
_e2018-6-8
_f2021-11-8
_g5
_lCCODEBUL1
_mBUL
_n1
_q2
_r0
_sY
_tBOOK
_u2015-6-16
_xEDUCACION
_PP20
_0COMPRA
_o.STAFF. Colección General
980 _81
_gALBERTO SANCHEZ Responsable de Automatización